Music Quiz

Random Music or The Beatles Quiz

Beatles song from 3 words of the lyrics Quiz Stats

 Plays Quiz not verified by Sporcle

Challenge
Share
Tweet
Embed
Score 0/22 Timer 08:00
0 Plays Today
Lyrics Song name % Correct
losing my hairWhen I'm Sixty-Four
92.7%
out of tune With a Little Help From My Friends
89.9%
man named Lear Paperback Writer
87%
cold lonely winterHere Comes the Sun
85.8%
majoring in medicineMaxwell's Silver Hammer
84.2%
on your shoulderHey Jude
82.2%
fussing and fightingWe Can Work It Out
82.2%
nineteen for me Taxman
79.4%
like a dogA Hard Day's Night
78.1%
feed the restLady Madonna
76.5%
in my treeStrawberry Fields Forever
73.7%
Lyrics Song name % Correct
clutching her handkerchief She's Leaving Home
72.5%
life of easeYellow Submarine
70.4%
she makes upFor No One
69.6%
his pretty faceOb-La-Di, Ob-La-Da
66.4%
was another man Get Back
66%
wild and windyThe Long and Winding Road
65.6%
break his back Girl
59.5%
in the hazeHelp!
49%
at your commandNowhere Man
44.1%
to sound complainingPlease Please Me
44.1%
shades of lifeAcross the Universe
41.3%

You're not logged in!

Compare scores with friends on all Sporcle quizzes.
Join for Free
OR
Log In

You Might Also Like...

Show Comments

Extras

Top Quizzes Today


Score Distribution

Your Account Isn't Verified!

In order to create a playlist on Sporcle, you need to verify the email address you used during registration. Go to your Sporcle Settings to finish the process.

Report this User

Report this user for behavior that violates our Community Guidelines.

Details: